000 01002nam2a2200229 4500
001 rc\3035108
005 20260315065249.0
035 _a(NLR Aleph) 007175779
090 _a13621698
_c13621698
100 _a20111003d1945 u y0rusy50 ca
101 0 _arus
102 _aRU
105 _ay z |||||
200 1 _aРанения переферических нервов конечностей
210 _d1945
461 0 _1001rc\3035100
_12001#$aˆ[‰Издания]$e[Вып. 5]$fТбилис. ин-т усовершенствования врачей$vВып. 14
_97391656
_aТбилисский институт усовершенствования врачей
_cТбилиси
_d1942
_fТбилис. ин-т усовершенствования врачей
_nГрузмедгиз
_o[Вып. 5]
_tˆ[‰Издания]
_vВып. 14
700 1 _aСараджишвили
_bП.М.
801 0 _aRU
_bNLR
_gpsbo
801 1 _aRU
_bELAR
_2rusmarc
852 _aNLR
_jМд16 Г-6/3
942 _cUNSPEC
980 _aNB